| 000 | 00751nam a2200253Ia 4500 | ||
|---|---|---|---|
| 003 | OSt | ||
| 005 | 20220926010644.0 | ||
| 006 | a|||||r|||| 00| 0 | ||
| 007 | ta | ||
| 008 | 220923b |||||||| |||| 00| 0 eng d | ||
| 020 | _a0300099266 | ||
| 037 | _cGeneral Book | ||
| 040 |
_aRTL _cRTL _beng |
||
| 041 |
_2eng _aeng |
||
| 082 | _aY:3(N).2, P3.2 | ||
| 100 |
_aPAL Pratapaditya _94504 |
||
| 245 | 0 | _aAsian Art at the Norton simon museum .Vol 2 | |
| 260 |
_aNew Haven _bYale University Press _c2003 |
||
| 300 |
_a286p. _ccm. |
||
| 490 | _v01476949. Vol 2: Art from the Himalayas and China. (286p) | ||
| 500 | _aBibliography: P.274-77 | ||
| 942 |
_hY:3(N).2, P3.2 _cGB _2CC |
||
| 999 |
_c617940 _d617940 |
||